PHILLIPS SCIENCE OF DENTAL MATERIALS (Record no. 3358)

MARC details
000 -LEADER
fixed length control field 00367nam a2200145Ia 4500
008 - FIXED-LENGTH DATA ELEMENTS--GENERAL INFORMATION
fixed length control field 150201s2005 xx 000 0 und d
082 ## - DEWEY DECIMAL CLASSIFICATION NUMBER
Classification number 617.695
Item number P2005A
100 ## - MAIN ENTRY--PERSONAL NAME
Personal name ANUSAVICE,KENITH.J.
245 ## - TITLE STATEMENT
Title PHILLIPS SCIENCE OF DENTAL MATERIALS
250 ## - EDITION STATEMENT
Edition statement 11TH
260 ## - PUBLICATION, DISTRIBUTION, ETC. (IMPRINT)
Name of publisher, distributor, etc. ELSEVIER
Place of publication, distribution, etc. DELHI
Date of publication, distribution, etc. 2005
300 ## - PHYSICAL DESCRIPTION
Extent 1-805
650 ## - SUBJECT ADDED ENTRY--TOPICAL TERM
Topical term or geographic name as entry element PROSTHODONTICS
942 ## - ADDED ENTRY ELEMENTS (KOHA)
Source of classification or shelving scheme Dewey Decimal Classification
Koha item type Books
Koha issues (borrowed), all copies 11
Holdings
Withdrawn status Lost status Source of classification or shelving scheme Damaged status Not for loan Home library Current library Date acquired Source of acquisition Cost, normal purchase price Serial Enumeration / chronology SGTU Bill Number Total Checkouts Total Renewals Full call number Barcode Date last seen Date last checked out Bill Date Koha item type
    Dewey Decimal Classification     SGT Dental Library SGT Dental Library 03/01/2006 U.B.S.DELHI 795.00 1 SGTU 825/838 3 1 617.695 P2005A FD3651 24/02/2025 24/02/2025 08/06/2012 Books
    Dewey Decimal Classification     SGT Dental Library SGT Dental Library 03/01/2006 U.B.S.DELHI 795.00 1 SGTU 825/838 13   617.695 P2005A FD3652 23/09/2023 23/09/2023 08/06/2012 Books
    Dewey Decimal Classification     SGT Dental Library SGT Dental Library 03/01/2006 U.B.S.DELHI 795.00 1 SGTU 825/838     617.695 P2005A FD3653 27/12/2018   08/06/2012 Books
    Dewey Decimal Classification     SGT Dental Library SGT Dental Library 03/01/2006 U.B.S.DELHI 795.00 1 SGTU 825/838 16   617.695 P2005A FD3654 23/09/2023 23/09/2023 08/06/2012 Books
    Dewey Decimal Classification     SGT Dental Library SGT Dental Library 03/01/2006 U.B.S.DELHI 795.00 1 SGTU 825/838 5   617.695 P2005A FD3655 15/04/2024 04/04/2024 08/06/2012 Books